000 01021nam a22003138i 4500
001 021440177
003 EG-ScBUE
005 20260215092410.0
008 240104s2024 enkb f 000 f eng d
020 _a9781529159912
040 _aStDuBDS
_beng
_erda
_cStDuBDS
_dEG-ScBUE
082 0 4 _a813.6
_222
_bPAT
100 1 _aPatterson, James,
_d1947-
_eauthor.
245 1 0 _aAlex Cross must die /
_cJames Patterson.
264 1 _aLondon :
_bPenguin Books,
_c2024.
300 _a400 pages :
_bmaps (black and white) ;
_c20 cm.
336 _atext
_2rdacontent
_btxt
336 _acartographic image
_2rdacontent
_btxt
337 _aunmediated
_2rdamedia
_bn
338 _avolume
_2rdacarrier
_bnc
490 0 _aAlex Cross
500 _aOriginally published: London: Century, 2023.
600 1 7 _aCross, Alex
_c(Fictitious character)
_vFiction.
_2BUEsh
650 7 _aPolice
_zWashington (D.C.)
_vFiction.
_2BUEsh
653 _cFebruary2026
_bHHUUEENN
655 _vReading book
942 _2ddc
_cBB
999 _c31120
_d31091